000 00224nam a22000857a 4500
008 160718b xxu||||| |||| 00| 0 eng d
100 _93020
_a Twain, M
245 _aThe Adventures of Tom Sawyer
260 _aEngland
_bLongman
_c2001
999 _c2583
_d2583